000
00273nam a2200109Ia 4500
008
190216s9999||||xx |||||||||||||| ||und||
100
_a
Preerval Spear
245
4
_a
The Oxford History Of Modern India
260
_b
Oxford University Press
650
_a
History
942
_c
BK
999
_c
18619
_d
18619